Statistics for Dwayne Johnson Filmography

Click here to take the quiz!

General Stats

  • This quiz has been taken 90 times
    (24 since last reset)
  • The average score is 20 of 68

Answer Stats

Type Year Name % Correct
Film2017Jumanji: Welcome to the Jungle
85%
Film2011Fast Five
85%
Film2013Fast & Furious 6
85%
Film2019Hobbs & Shaw
80%
Film2015Furious 7
80%
Film2010Tooth Fairy
70%
Film2016Moana
70%
Film2019Jumanji: The Next Level
65%
Film2001The Mummy Returns
60%
Film2017The Fate of the Furious
60%
Film2015San Andreas
55%
Film2002The Scorpion King
55%
Film2018Skyscraper
55%
Film2012Journey 2: The Mysterious Island
55%
TV Show2000, 2002, 2009, 2015, 2017Saturday Night Live
55%
Film2021Black Adam
55%
Film2016Central Intelligence
50%
TV Show2015-2019Ballers
50%
Film2014Hercules
45%
Film2019Fighting with My Family
40%
Film2003The Rundown
40%
Film2004Walking Tall
40%
Film2018Rampage
40%
Film2007The Game Plan
35%
Film2005Be Cool
35%
Film2009Race to Witch Mountain
35%
Film2017Baywatch
35%
Film2013Pain & Gain
30%
Film2010The Other Guys
30%
Film2019Shazam!
30%
Film2009Planet 51
30%
Film2006Gridiron Gang
30%
Film2005Doom
25%
TV Show2010Family Guy
25%
Film2021Jungle Cruise
25%
Film2013Snitch
20%
Film2010Faster
20%
Film2008Get Smart
20%
Theme Park Ride2015Fast & Furious: Supercharged
15%
TV Show2019-PresentThe Titan Games
15%
Documentary1999Beyond the Mat
15%
TV Show2009Wizards of Waverly Place
15%
Film2013Empire State
15%
Film2013G.I. Joe: Retaliation
15%
Film2006Southland Tales
15%
Video Game2006SpyHunter: Nowhere to Run
15%
TV Show2014Wake Up Call
10%
Film2002Longshot
10%
TV Show2007Hannah Montana
10%
TV Show2013The Hero
10%
FilmTBARed Notice
10%
Film2010Why Did I Get Married Too?
5%
Video Game2002The Scorpion King: Rise of the Akkadian
5%
Music Video2020The Man
5%
Video Game2020Dreams
5%
TV Show1999The Net
5%
TV Show2000Star Trek: Voyager
5%
Video Game2019Jumanji: The Video Game
5%
Video Game2015Brawlhalla
5%
TV Show1999That '70s Show
5%
Film2007Reno 911! Miami
5%
TV Show2007Cory in the House
5%
TV Show2010Transformers: Prime
5%
Film2010You Again
5%
Web Series2017Lifeline
5%
Music Video2017Jumanji, Jumanji
5%
Theme Park Ride2008Disaster!: A Major Motion Picture Ride...Starring You!
0%
Film2015Jem and the Holograms
0%

Score Distribution

Percentile by Number Answered

Percent of People with Each Score

Your Score History

You have not taken this quiz since the last reset